00409nam a2200145Ia 4500003000400000008004100004040001600045082001500061100001900076245005200095260003400147300001000181650002100191650005100212GCL140319s9999 xx 000 0 eng d aGCL / cGCL04a944.5bM V1 aMALRAUX, ANDRE10aVIE DE NAPOLEON PAR LUI MEME / cMALRAUX, ANDRE a[S.N] : bGALLIMARD ، c1991 a410 P04aFRANCE - HISTORY04aNAPOLEON 1, EMPORER OF THE FRANCE, 1769 - 1821